| 000 | 00337nam a22001337a 4500 | ||
|---|---|---|---|
| 005 | 20251007125705.0 | ||
| 008 | 250929b |||||||| |||| 00| 0 eng d | ||
| 041 | _aHINDI | ||
| 100 |
_aCHATURVEDI, PHANENNDRA NATH _98707 |
||
| 245 | _aBHARAT KE MAHAN SANT | ||
| 260 |
_aUTTAR PRADESH _bAKSHAR PLANT _c2024 |
||
| 300 | _a55;P | ||
| 942 | _cBK | ||
| 999 |
_c8855 _d8853 |
||